| 000 | 00540nam a22001577a 4500 | ||
|---|---|---|---|
| 999 |
_c8134 _d8135 |
||
| 008 | 190712b ||||| |||| 00| 0 eng d | ||
| 020 | _a9781137280114 | ||
| 082 | _a330 RIF | ||
| 100 | _a Rifkin, Jeremy | ||
| 245 |
_aThe zero marginal cost society : _bthe internet of things, the collaborative commons, and the eclipse of capitalism |
||
| 260 |
_aNew York : _bPalgrave Macmillan, _c2014. |
||
| 300 |
_a356 pages ; _c25 cm. |
||
| 500 | _aIncludes bibliographical references | ||
| 650 | _a Capitalism; Cost; Cooperation; | ||
| 942 | _2ddc | ||